000
00193 a2200109 4500
020
_a
9972625575
041
_a
spa
100
_a
Anonimo
245
_a
La cenicienta
942
_c
BK
952
_7
1
999
_c
25035
_d
25035